| 000 | 00909cam a2200313 4500 | ||
|---|---|---|---|
| 001 | 316027 | ||
| 003 | OSt | ||
| 005 | 20140310182137.0 | ||
| 008 | 740422s1974 nyua 000 0 eng | ||
| 010 | _a 74008188 | ||
| 020 | _a0816492344 | ||
| 040 |
_aDLC _cDLC _dDLC |
||
| 050 | 1 | 0 |
_aHF 5381 _b.C865 1974 |
| 082 | 0 | 0 |
_aHS 331.7 _bC84 1974 |
| 100 | 1 |
_aCrystal, John C. _915050 |
|
| 245 | 1 | 0 |
_aWhere do I go from here with my life? / _cJohn C. Crystal and Richard N. Bolles. |
| 260 |
_aNew York : _bThe Seabury Press, _cc1974. |
||
| 300 |
_a253 p. : _bill. ; _c22 cm. |
||
| 350 | _a$7.95 | ||
| 490 | 0 | _aA Continuum book | |
| 521 | _a | ||
| 526 | _c | ||
| 650 | 0 |
_aVocational guidance. _92038 |
|
| 650 | 0 |
_aApplications for positions. _915051 |
|
| 700 | 1 |
_aBolles, Richard Nelson, _ejoint author. _915052 |
|
| 906 |
_a7 _bcbc _corignew _d1 _eocip _f19 _gy-gencatlg |
||
| 942 |
_2lcc _cHS |
||
| 999 |
_c9787 _d9787 |
||